[Event "Como Province-ch"]
[Site "Mariano Comense"]
[Date "2002.02.10"]
[Round "2"]
[White "Buonocore, Elio"]
[Black "Boasso, Adriano"]
[Result "1-0"]
[WhiteElo "2105"]
[BlackElo "1473"]
[PlyCount "67"]
[EventDate "2002.02.09"]
[EventType "swiss"]
[EventRounds "6"]
[EventCountry "ITA"]
[SourceTitle "EXT 2024"]
[Source "ChessBase"]
[SourceDate "2023.10.10"]
[SourceVersion "1"]
[SourceVersionDate "2023.10.10"]
[SourceQuality "1"]

1. e4 c6 2. d4 d5 3. e5 Bf5 4. Nf3 e6 5. Be2 Ne7 6. 0-0 Ng6 7. c3 Be7 8. b3 Nd7 9. Na3 f6 10. exf6 Bxf6 11. Nc2 e5 12. Ne3 Be6 13. dxe5 Ngxe5 14. Nd4 Bf7 15. f4 Ng6 16. Ng4 0-0 17. Bd3 Re8 18. Bb2 Nc5 19. Bf5 Qd6 20. Ba3 b6 21. g3 Qd8 22. Nxc6 Qc7 23. Nxf6+ gxf6 24. Nd4 Ne4 25. Rc1 Nf8 26. Re1 Nd7 27. Qg4+ Kh8 28. Bxd7 Rg8 29. Qf5 Rg6 30. Be7 Rag8 31. Rxe4 dxe4 32. Bxf6+ Rxf6 33. Qxf6+ Rg7 34. Nf5 1-0

[Event "Como Province-ch"]
[Site "Mariano Comense"]
[Date "2002.02.09"]
[Round "1"]
[White "Boasso, Adriano"]
[Black "Revinelli, Sergio"]
[Result "1/2-1/2"]
[WhiteElo "1473"]
[BlackElo "1675"]
[PlyCount "99"]
[EventDate "2002.02.09"]
[EventType "swiss"]
[EventRounds "6"]
[EventCountry "ITA"]
[SourceTitle "EXT 2024"]
[Source "ChessBase"]
[SourceDate "2023.10.10"]
[SourceVersion "1"]
[SourceVersionDate "2023.10.10"]
[SourceQuality "1"]

1. e4 e5 2. Nf3 Nc6 3. Bc4 Nf6 4. Nc3 Nxe4 5. Nxe4 d5 6. Bxd5 Qxd5 7. Nc3 Qd8 8. d3 Be7 9. 0-0 0-0 10. Re1 f6 11. Ne4 Bg4 12. Be3 Nd4 13. Bxd4 exd4 14. Ned2 Bb4 15. c3 dxc3 16. bxc3 Bd6 17. Qb3+ Kh8 18. Qxb7 Qd7 19. Nd4 Rfb8 20. Qc6 Qd8 21. Ne6 Qc8 22. Nc4 Bxe6 23. Nxd6 cxd6 24. Qxc8+ Rxc8 25. Rxe6 Rxc3 26. Rxd6 Kg8 27. Rd7 Rac8 28. Kf1 Rc1+ 29. Rxc1 Rxc1+ 30. Ke2 Rc2+ 31. Ke3 Rxa2 32. d4 a5 33. Ra7 Kf8 34. d5 Ra1 35. Kd4 a4 36. Kc5 a3 37. Kd6 a2 38. Kd7 Rd1 39. Rxa2 Rxd5+ 40. Ke6 Re5+ 41. Kd6 g5 42. h3 Kg7 43. Ra7+ Kg6 44. Re7 Rxe7 45. Kxe7 f5 46. g4 fxg4 47. hxg4 h5 48. gxh5+ Kxh5 49. Kf6 Kg4 50. f3+ 1/2-1/2